| 000 | 00918nas a2200301 4500 | ||
|---|---|---|---|
| 001 | BR2011005612 | ||
| 003 | BR-BrBNA | ||
| 005 | 20231205115129.0 | ||
| 007 | ta | ||
| 008 | 230509b bl.|||p| |||| 00| 00por d | ||
| 040 |
_aBR-BrBNA _bpor _cBiblioteca Nacional de Agricultura |
||
| 041 | _a(Pt) | ||
| 072 | _aL02 | ||
| 100 | 1 | _aMoretti, M.H. | |
| 100 | 1 | _aReis, R.A. | |
| 100 | 1 | _aCasagrande, D.R. | |
| 100 | 1 | _aRuggieri, A.C. | |
| 100 | 1 | _aOliveira, R.V. | |
| 100 | 1 | _aBerchielli, T.T. | |
| 245 | 1 | _aSuplementação protéica energética no desempenho de novilhas em pastejo durante a fase de terminação | |
| 650 | _aNOVILHO | ||
| 650 | _aSUPLEMENTO ALIMENTAR | ||
| 650 | _aPASTEJO | ||
| 650 | _aPERFORMANCE | ||
| 773 | 0 |
_tCiência e Agrotecnologia (Brazil) _xISSN 1413-7054 _g(May-Jun 2011), v. 35(3) p. 606-612 _wBR2011005612 |
|
| 909 |
_a202311 _bLúcia _c55 _dLúcia Elande |
||
| 942 |
_2AGRIS _n0 _cANA |
||
| 999 |
_c212226 _d212226 |
||